000 00661nam a22002057a 4500
005 20240708150619.0
010 _aENG-140832
020 _a9789356061620
_c599.00
035 _aEN-124364
037 _bDBAD
082 _22
_a004
100 _aSlatkin, Brett
_968227
245 _aEffective Python/
_cBy Brett Slatkin
250 _a2
260 _aNoida
_bPearson India Education
_c2022
270 _a15th floor, Tower- B, World Trade Tower, plot No.1, Block -C, Sector-16, Noida,
_bUttar Pradesh
_e201301
300 _axxiv,397p.
_c23cm(pbk)
_bIndex
500 _a90 Specific Ways to Write Better Python
942 _2ddc
_cEN
_h004
_mSLA
_e2
999 _c204007
_d204007